Score 0/17 Timer 10:00
0 Plays Today
Hint Answer % Correct
PropSam Burgess
90.1%
WingerRyan Hall
89.6%
Full-backSam Tomkins
86%
HookerJames Roby
81.3%
Scrum-halfKevin Sinfield
80.9%
PropJames Graham
76.8%
CentreKallum Watkins
76.5%
Loose forwardSean O'Loughlin
74.9%
InterchangeGeorge Burgess
71.2%
Hint Answer % Correct
Stand-offGareth Widdop
59.4%
WingerJosh Charnley
51.8%
InterchangeChris Hill
46.2%
Back-rowBen Westwood
38.8%
InterchangeRob Burrow
37.8%
CentreLeroy Cudjoe
29.9%
Back-rowBrett Ferres
21.4%
InterchangeCarl Ablett
21%
Remove Ads.
Support Sporcle.
Get the best of Sporcle when you Go Orange. This ad-free experience offers more features, more stats, and more fun while also helping to support Sporcle. Thank you for becoming a member.

You're not logged in!

Compare scores with friends on all Sporcle quizzes.
OR
Log In

Sporcle TV

Today on Sporcle TV


Watch our educational content, quiz creation guides, and fun videos on Sporcle TV.

Show Comments

Extras

Top Quizzes Today


Score Distribution

Paid Content

Your Account Isn't Verified!

In order to create a playlist on Sporcle, you need to verify the email address you used during registration. Go to your Sporcle Settings to finish the process.

Report this User

Report this user for behavior that violates our Community Guidelines.

Details: